000
00313nam a2200109Ia 4500
005
20251222152643.0
008
251222s9999||||xx |||||||||||||| ||spa||
082
_a
398.209.85/E93
100
_a
Estrada Pérez, Nohemí
245
0
_a
Historias Mágicas Leyendas del Perú Adaptadas para Niños y Niñas
942
_c
LIB
999
_c
28165
_d
28165